[Event "Barcelona Ideal Clave op 21st"]
[Site "Barcelona"]
[Date "2017.10.28"]
[Round "4"]
[White "Grino Fernandez, Adrian"]
[Black "Prats Mir, Sergi"]
[Result "0-1"]
[WhiteElo "1636"]
[BlackElo "1580"]
[PlyCount "48"]
[EventDate "2017.09.30"]
[EventType "swiss"]
[EventRounds "8"]
[EventCountry "ESP"]
[SourceTitle "CBM 181 Extra"]
[Source "ChessBase"]
[SourceDate "2017.12.12"]
[SourceVersion "1"]
[SourceVersionDate "2017.12.12"]
[SourceQuality "1"]

1. d4 d5 2. Nf3 Nf6 3. h3 Bf5 4. Bf4 Nbd7 5. e3 h6 6. Bd3 Ne4 7. 0-0 e6 8. Nbd2 Ndf6 9. Ne5 Be7 10. f3 Nd6 11. Nb3 0-0 12. Nc5 b6 13. Nb3 Qe8 14. Qe2 Rc8 15. Nd2 c5 16. e4 Bh7 17. Qf2 c4 18. Be2 Qa4 19. b3 Qb4 20. Qg3 Nh5 21. Qg4 Nxf4 22. Qxf4 Bg5 23. Qg4 Qxd2 24. Bd1 Qxd4+ 0-1